Tilastot visalle Ensimmäiset asiat

Klikkaa tästä pelataksesi tätä visaa!

Yleistilastot

  • Tätä visaa on pelattu 151 kertaa
    (127 viimeisimmän päivityksen jälkeen)
  • Keskiarvotulos 6 / 14

Vastaustilastot

VihjeVastaus% Oikein
Kaarlo Juho StåhlbergEnsimmäinen Suomen presidentti
92%
EsikoinenEnsimmäinen lapsi
88%
Käytiin vuosina 1914-1918Ensimmäinen maailmansota
85%
Juri GagarinEnsimmäinen ihminen avaruudessa
74%
Puhkeaa noin vuoden iässä, tippuu 6-7 v.iässäEnsimmäinen maitohammas
66%
Sunnuntai 2. joulukuuta, 2018Ensimmäinen adventti
50%
Marie CurieEnsimmäinen naisnobelisti
43%
Melkein Miss SuomiEnsimmäinen perintöprinsessa
37%
Sotilaallinen konflikti kristittyjen ja muslimien kesken 1095-1099Ensimmäinen ristiretki
33%
1899-1905, kun Venäjä yritti kiristää venäläistämispolitiikkaansaEnsimmäinen sortokausi
22%
Saksalais-Roomalainen keisarikuntaEnsimmäinen valtakunta
22%
"Rakkaus on kärsivällinen, rakkaus on lempeä. Rakkaus ei kadehtia, ei kersku, ei pöyhkeile..."Ensimmäinen korinttilaiskirje
15%
Käytiin Rooman ja Karthagon välillä 264 eea - 241 eea.Ensimmäinen puunilaissota
14%
Solzenitsyn romaani vuodelta 1968Ensimmäinen Piiri
5%

Tulosjakauma

Persentiili vastausten määrän mukaan

Jokaisen tuloksen saaneiden osuus

Tuloshistoriasi

Et ole pelannut tätä visaa sen viimeisimmän päivityksen jälkeen